000 01053nam a2200277 a 4500
001 60806
003 BD-RjUL
005 20211209080902.0
008 170103s1979 ncu 100 0 eng d
020 _a0822304198
035 _a(BD-RjUL)60930
040 _aBD-RjUL
_beng
_cBD-RjUL
_deng
041 _aeng
082 _223
_a809.02
_bMED 1979
245 0 0 _aMedieval and Renaissance studies :
_bproceedings of the Southeastern Institute of Medieval and Renaissance Studies, summer 1976 /
_ced. by D.B.J. Randall
260 _aDurham, N.C. :
_bDuke University Press,
_cc1979
300 _a166 p. :
_c22 cm.
490 _aMedieval and Renaissance series,
_vno. 8.
650 0 _aLiterature, Medieval
_vCongresses
_9181230
650 0 _aArt, Medieval
_vCongresses
_9181231
650 0 _aEuropean literature
_yRenaissance, 1450-1600
_xHistory and criticism
_vCongresses.
_9181232
650 0 _aArts, Renaissance
_xCongresses
_9181233
700 1 _aRandall, Dale B. J.
_9181234
830 _aMedieval and Renaissance series,
_vno. 8
_9181237
942 _2ddc
_cBK
999 _c60806
_d60806